| 000 | 00495nam a2200193Ia 4500 | ||
|---|---|---|---|
| 003 | GCL | ||
| 008 | 140319s9999 xx 000 0 aRus d | ||
| 040 |
_aGCL / _cGCL |
||
| 082 | 0 | 4 |
_a863 _bG M |
| 100 | 1 | _aGRANDES, ALMUDENA | |
| 245 | 1 | 0 |
_aMALENA ES UN NOMBRE DE TANGO / _cGRANDES, ALMUDENA |
| 260 |
_a[S.N] : _bTUSQUETS EDITORES ، _c1996 |
||
| 300 | _a552 | ||
| 650 | 0 | 4 | _aLITERATURE |
| 650 | 0 | 4 | _aFICTION |
| 650 | 0 | 4 | _aSPANISH LITERATURE |
| 650 | 0 | 4 | _aSPANISH FICTION |
| 942 |
_2ddc _cBK |
||
| 999 |
_c12772 _d12772 |
||